Obálka Náhled e-knihy:
PDF
Pro půjčování e-knih musíte být přihlášeni.
Jak si půjčit online?

Tereza /

Průřez životem světoznámé modelingové hvězdy z České republiky. Modelka se ve své autobiografii podělí o zážitky z počátku kariéry, mnoho vzpomínek z cest i rodinnou historii.

Uloženo v:
Hlavní autor: Maxová, Tereza, 1971- (Autor)
Další autoři: Bednářová, Veronika, 1972- (Autor)
Médium: E-kniha
Jazyk:Czech
English
Vydáno: V Brně : BizBooks, 2021
Vydání:1. vydání
Témata:
Tagy:
Žádné tagy
LEADER 02788cam a2200661 i 4500
001 311440
003 CZ PrSKC
005 20260601215705.0
007 ta
008 211220s2021 xr ach g 000 0acze d
015 |a cnb003379239 
020 |a 9788026510345  |q (brožováno) :  |c Kč 649,00 
035 |a (OCoLC)1302726817 
040 |a OSA001  |b cze  |d OLA001  |e rda 
041 0 |a cze  |a eng 
043 |a e-xr--- 
045 |a x7y2 
072 7 |a 687  |x Oděvní průmysl. Kosmetika. Kadeřnictví. Péče o vzhled  |2 Konspekt 
072 7 |a 929  |x Biografie  |2 Konspekt 
080 |a 687.5.01-055.2  |2 MRF 
080 |a 687.5.01  |2 MRF 
080 |a 061.27  |2 MRF 
080 |a 929  |2 MRF 
080 |a (437.3)  |2 MRF 
080 |a (092)  |2 MRF 
080 |a (084.12)  |2 MRF 
100 1 |a Maxová, Tereza,  |d 1971-  |7 jo20000080555  |4 aut 
245 1 0 |a Tereza /  |c Tereza Maxová, Veronika Bednářová 
250 |a 1. vydání 
264 1 |a V Brně :  |b BizBooks,  |c 2021 
300 |a 302 stran :  |b ilustrace (některé barevné), portréty, faksimile ;  |c 28 cm +  |e 1 pohlednice (11 x 15 cm) 
336 |a text  |b txt  |2 rdacontent 
336 |a statický obraz  |b sti  |2 rdacontent 
337 |a bez média  |b n  |2 rdamedia 
338 |a svazek  |b nc  |2 rdacarrier 
338 |a karta  |b no  |2 rdacarrier 
520 2 |a Průřez životem světoznámé modelingové hvězdy z České republiky. Modelka se ve své autobiografii podělí o zážitky z počátku kariéry, mnoho vzpomínek z cest i rodinnou historii. 
546 |a Částečně anglický text 
600 1 7 |a Maxová, Tereza,  |d 1971-  |7 jo20000080555  |2 czenas 
648 7 |a 20.-21. století  |7 ch462155  |2 czenas 
648 4 |a 1971-2021 
650 0 7 |a modelky  |7 ph122931  |z Česko  |y 20.-21. století  |2 czenas 
650 0 7 |a modeling  |7 ph122930  |y 20.-21. století  |2 czenas 
650 0 7 |a nadace  |7 ph123154  |z Česko  |y 20.-21. století  |2 czenas 
650 0 9 |a female models  |z Czechia  |y 20th-21st centuries  |2 eczenas 
650 0 9 |a fashion modeling  |y 20th-21st centuries  |2 eczenas 
650 0 9 |a endowments  |z Czechia  |y 20th-21st centuries  |2 eczenas 
655 7 |a autobiografie  |7 fd131855  |2 czenas 
655 7 |a fotografické publikace  |7 fd132276  |2 czenas 
655 9 |a autobiography  |2 eczenas 
655 9 |a photographical works  |2 eczenas 
700 1 |a Bednářová, Veronika,  |d 1972-  |7 js20051114024  |4 aut 
900 |a ABA001  |b 19 
928 9 |a Albatros Media - BizBooks 
044 |a xr 
910 |a RBIT002 
998 |d 337427  |a https://core.palmknihy.cz/api/books/337427/cover?s9k9xn  |b https://core.palmknihy.cz/api/books/337427/cover/400?s9k9xn  |c https://core.palmknihy.cz/api/books/337427/cover/50?s9k9xn  |e 2031-12-31  |g 304  |i 9788026510345  |k https://core.palmknihy.cz/api/books/337427/preview.pdf  |l   |q 49  |r 1  |s https://www.palmknihy.cz/kniha/337427  |t ebook  |y 2021  |z 0 
999 |d 311438